| 000 | 01207nam0a22002651 4500 | ||
|---|---|---|---|
| 001 | rc\2653883 | ||
| 005 | 20260406081707.0 | ||
| 035 | _a(NLR Aleph) 006961211 | ||
| 090 |
_a5346310 _c5346310 |
||
| 100 | _a20110613d1930 |||y0rusy50 ca | ||
| 101 | 0 | _arus | |
| 102 | _aRU | ||
| 105 | _ac z ||||| | ||
| 200 | 1 |
_aСборник стихов _fЯнка Купала _gВступ. статья Л.М. Клейнборта |
|
| 210 |
_aМосква _aЛенинград _cГос. изд-во _d1930 _eМосква _g1-я Образцовая тип. |
||
| 215 |
_a183 с., 1 вкл. л. портр. _cпортр. _d18×13 см |
||
| 464 | 0 |
_12001#$aЯнка Купала _1700#1$aКлейнборт$bЛ. М.$f1875-1950$gЛев Максимович$3RU\NLR\AUTH\770257292$4070 _tЯнка Купала _aКлейнборт, Лев Максимович (1875-1950) |
|
| 700 | 1 |
_8bel _7ca _aКупала _bЯ. _f1882-1942 _gЯнка _3RU\NLR\AUTH\7746206 _929141 |
|
| 702 | 1 |
_4340 _7ca _8rus _aКлейнборт _bЛ. М. _f1875-1950 _gЛев Максимович _9257236 _3RU\NLR\AUTH\770257292 |
|
| 801 | 0 |
_aRU _bNLR _gpsbo |
|
| 801 | 1 |
_aRU _bELAR _2rusmarc |
|
| 852 |
_aNLR _j30.1/67 |
||
| 942 | _cBOOK | ||
| 980 | _aNB | ||